| 000 | 00821cam a22002415a 4500 | ||
|---|---|---|---|
| 001 | 15675841 | ||
| 005 | 20151115152040.0 | ||
| 008 | 021209s2003 maua frb 001 0 eng d | ||
| 020 | _a0631211616 | ||
| 020 | _z9780631211617 | ||
| 040 |
_aUK-RwCLS _cUK-RwCLS _dEG-ScBUE _beng |
||
| 082 | 0 | 4 |
_a382 _222 _bHAN |
| 245 | 0 | 0 |
_aHandbook of international trade / _cedited by E. Kwan Choi and James Harrigan. |
| 260 |
_aMalden ; _aOxford ; _aVictoria : _bBlackwell Publishing Ltd, _c2003. |
||
| 300 |
_axiii, 435 p. : _bill. ; _c25 cm. |
||
| 500 | _aIndex : p. 416-435. | ||
| 504 | _aIncludes bibliographical references. | ||
| 650 | 7 |
_aInternational trade. _2BUEsh _94508 |
|
| 653 |
_bBUSECO _cAugust2015 _cNovember2015 |
||
| 700 | 1 |
_aChoi, Eun Kwan, _d1946- _eeditor |
|
| 700 | 1 |
_aHarrigan, James. _eeditor |
|
| 942 |
_2ddc _k382 HAN |
||
| 999 |
_c20799 _d20771 |
||